| Tag |
First Indicator |
Second Indicator |
Subfields |
| LEADER |
00000cgm a22000003a 4500 |
| 001 |
in00003749607 |
| 006 |
m|||||o||c|||||||| |
| 007 |
cr |na---||a|a |
| 007 |
vz |zazu| |
| 008 |
131118s2010 cau045 g o v|eng d |
| 005 |
20260324193730.7 |
| 035 |
|
|
|a (OCoLC)864830524
|
| 035 |
|
|
|a ASP2063938/spex
|
| 040 |
|
|
|a VaAlASP
|c VaAlASP
|d UtOrBLW
|
| 050 |
|
4 |
|a RC1215
|b .C365 2010
|
| 245 |
0 |
0 |
|a Can kettlebells make you smarter? /
|c presented by Vincent Metzo.
|
| 264 |
|
1 |
|a Monterey, CA :
|b Healthy Learning,
|c 2010.
|
| 300 |
|
|
|a 1 online resource (45 min.).
|
| 306 |
|
|
|a 004501
|
| 336 |
|
|
|a two-dimensional moving image
|b tdi
|2 rdacontent
|
| 337 |
|
|
|a computer
|b c
|2 rdamedia
|
| 337 |
|
|
|a video
|b v
|2 rdamedia
|
| 338 |
|
|
|a online resource
|b cr
|2 rdacarrier
|
| 338 |
|
|
|a other
|b vz
|2 rdacarrier
|
| 490 |
0 |
|
|a Sports medicine and exercise science in video
|
| 500 |
|
|
|a Title from resource description page (viewed Nov. 18, 2013).
|
| 505 |
0 |
|
|a Introduction -- Motor skills -- Triune brain -- Working with kettlebells -- Motor learning -- Putting kettlebells to the test.
|
| 520 |
|
|
|a Can Kettlebells Make You Smarter? discusses the development of gross and fine motor skills and reviews the impact that they have on learning and higher functioning. The DVD details how primitive movements, cross-crawl, contralateral patterns, and symmetric and asymmetric reflexes can be used to enhance kettlebell workouts and improve motor performance in and outside the gym (on and off the field). The DVD also demonstrates several exercises for hemispheric integration that cross the visual midline.
|
| 530 |
|
|
|a Previously released as DVD.
|
| 546 |
|
|
|a This edition in English.
|
| 500 |
|
|
|a Electronic resource.
|
| 650 |
|
0 |
|a Exercise.
|0 http://id.loc.gov/authorities/subjects/sh85046328
|
| 650 |
|
0 |
|a Kettlebells.
|0 http://id.loc.gov/authorities/subjects/sh2008009656
|
| 655 |
|
7 |
|a Internet videos.
|2 lcgft
|0 http://id.loc.gov/authorities/genreForms/gf2011026337
|
| 655 |
|
7 |
|a Instructional films.
|2 lcgft
|0 http://id.loc.gov/authorities/genreForms/gf2011026333
|
| 655 |
|
7 |
|a Filmed lectures.
|2 lcgft
|0 http://id.loc.gov/authorities/genreForms/gf2011026270
|
| 700 |
1 |
|
|a Metzo, Vincent,
|e speaker.
|
| 776 |
1 |
|
|c Original publisher catalog number
|o 827008000029
|
| 856 |
4 |
0 |
|u http://proxy.library.tamu.edu/login?url=https://www.aspresolver.com/aspresolver.asp?SPEX;2063938
|z Connect to this streaming video (Alexander Street Press)
|t 0
|
| 999 |
f |
f |
|s c5c9e839-15bb-397d-9376-3c71487faeab
|i 03b1516c-6e17-3f3d-9ac4-f2451a0f9274
|t 0
|
| 952 |
f |
f |
|a Texas A&M University
|b College Station
|c Electronic Resources
|s www_evans
|d Available Online
|t 0
|e RC1215 .C365 2010
|h Library of Congress classification
|
| 998 |
f |
f |
|a RC1215 .C365 2010
|t 0
|l Available Online
|